XVIII Jornadas Chilenas de Derecho Público
Guardat en:
| Format: | Llibre |
|---|---|
| Idioma: | espanyol |
| Publicat: |
Concepción
Aníbal Pinto
1988
|
| Matèries: | |
| Etiquetes: |
Afegir etiqueta
Sense etiquetes, Sigues el primer a etiquetar aquest registre!
|
MARC
| LEADER | 00000nam a2200000 a 4500 | ||
|---|---|---|---|
| 001 | UCX8283 | ||
| 003 | CL-VaPUC | ||
| 005 | 20230822102518.0 | ||
| 008 | 940317e19880000cl 1 spa d | ||
| 999 | |c 382195 |d 382193 | ||
| 040 | |c Pontificia Universidad Católica de Valparaíso | ||
| 082 | 0 | 4 | |a 342.83 |b JOR |2 21 |
| 245 | 1 | 0 | |a XVIII Jornadas Chilenas de Derecho Público |
| 260 | |a Concepción |b Aníbal Pinto |c 1988 | ||
| 300 | |a 242 p | ||
| 505 | |a El lenguaje de la constitución/Alejandro Silva Bascuñán El dominio de la ley y el reglamento/Mario Cerda Medina La distribución de materias entre el domino local y el dominio reglamentario/Hernán Molina Guaita La garantía constitucional del derecho a la vida del que está por nacer/Sergio Carrasco Delgado Delimitación y privación del dominio en la constitución de 1980/José Luis Cea Egaña De las limitaciones al dominio y en especial de las que afectan a la propiedad ganadera/Salvador Mohor Abuauad Bases constitucionales de la fuerza pública/Ismael Bustos Concha Comentario al fallo del Tribunal Constitucional sobre la ley orgánica constitucional de los partidos políticos/Ana María García Barzelatto Derecho material de control judicial en la jurisprudencia de la Corte Suprema de Chile: derogación tácita e inaplicabilidad (1925-1987)/Jorge Pretch Pizarro La jurisprudencia del Tribunal Constitucional y la interpretación constitucional/Luz Bulnes Aldunate Consideraciones sobre los sistemas electorales/Humberto Nogueira Alcalá Estado democrático de derecho y administración pública/Osvaldo Oelckers Camus Algunos comentarios respecto a la indemnización por error judicial/Ricardo Yáñez Ramírez De la suspensión y revocación de los actos administrativos municipales. El artículo 31 del D.L. 575 y algunas consideraciones sobre descentralización territorial del municipio/Guillermo de Las Heras de Pablo Recurso de protección y reclamo por ilegalidad municipal/Hernán Díaz Vergara El marco constitucional de la política exterior de los Estados Unidos/Manfred Wilhelmy V. W. La autonomía de los cuerpos intermedios y su protección constitucional/Eduardo Soto Kloss | ||
| 518 | |p Jornadas Chilenas de Derecho Público, 28, Concepción, 18 de noviembre de 1987 | ||
| 546 | |a En Español | ||
| 583 | |a last modification |c 19940317 00:00:00 |k Rodrigo Vera | ||
| 650 | 0 | 0 | |a Derecho público |9 255910 |
| 942 | |c BK |2 ddc | ||
| 945 | |a nfarias |d 19940317 00:00:00 | ||
| 952 | |0 0 |1 0 |4 0 |6 342_830000000000000_JOR_1988 |7 0 |8 A |9 503766 |a BIBDER |b BIBDER |d 2020-01-23 |i 2964368 |o 342.83 JOR 1988 |p 2964368 |r 2023-01-25 |w 2020-01-23 |y BK |k DER | ||